|
|
|
|
| LEADER |
00000cam a2200000 i 4500 |
| 001 |
1/81866 |
| 008 |
990519q19901995gr | ||| |||| ||gre|| |
| 020 |
|
|
|a 9602270349
|
| 035 |
|
|
|l 10050969
|
| 040 |
|
|
|a GR-MY-UA
|b gre
|e aacr
|
| 041 |
1 |
|
|a gre
|h fre
|
| 082 |
7 |
|
|a 801.950938
|2 (22)
|
| 100 |
1 |
|
|a Said, Suzanne.
|
| 245 |
1 |
2 |
|a Η ελληνική λογοτεχνία :
|b από τον Αλέξανδρο ως τον Ιουστινιανό /
|c Suzanne Said ; μετάφραση: Βρανίκου Φλώρα.
|
| 260 |
|
|
|a Αθήνα :
|b Δαίδαλος,
|c [199-?].
|
| 300 |
|
|
|a 148 σ. ;
|c 18 εκ.
|
| 490 |
1 |
|
|a (Τί ξέρω; = Que sais-je?)
|
| 500 |
|
|
|a Τίτλος πρωτοτύπου: La literature greque, d'Alexandre a Justinien.
|
| 650 |
0 |
0 |
|a Greek literature
|x History and criticism.
|
| 650 |
0 |
0 |
|a Classical literature
|x History and criticism.
|
| 700 |
1 |
|
|a Βρανίκου, Φλώρα,
|e trlf
|
| 830 |
|
0 |
|a Τι ξέρω
|
| 852 |
|
|
|a INST
|b RHODES
|e 19990519
|h 801.950938 SAI
|p 005400005594
|q 005400005594
|t BK
|y 0
|
| 901 |
|
|
|a BIBL4-1999-2
|
| 909 |
|
|
|a Ρ
|b 058036
|
| 922 |
|
|
|a 4ΕΛΗ
|b 199806
|c ΚΠΣ/Ν
|
| 970 |
|
|
|z 19/05/1999
|